<?xml version="1.0" encoding="UTF-8"?>
<marc:record xmlns:marc="http://www.loc.gov/MARC21/slim">
   <marc:leader>00000nam a2200000 a 4500</marc:leader>
   <marc:datafield ind1="1" ind2=" " tag="100">
      <marc:subfield code="a">Honda, Tetsuya</marc:subfield>
      <marc:subfield code="4">aut</marc:subfield>
      <marc:subfield code="e">Verfasser/-in</marc:subfield>
   </marc:datafield>
   <marc:datafield ind1="0" ind2="0" tag="245">
      <marc:subfield code="a">Blutroter Tod</marc:subfield>
   </marc:datafield>
   <marc:datafield ind1="0" ind2="0" tag="245">
      <marc:subfield code="b">Reiko Himekawa ermittelt in Tokio : Thriller</marc:subfield>
   </marc:datafield>
   <marc:datafield ind1="0" ind2="0" tag="245">
      <marc:subfield code="c">Tetsuya Honda ; aus dem Englischen von Irmengard Gabler</marc:subfield>
   </marc:datafield>
   <marc:datafield ind1=" " ind2="1" tag="264">
      <marc:subfield code="a">Frankfurt am Main</marc:subfield>
      <marc:subfield code="b">Fischer Taschenbuch</marc:subfield>
      <marc:subfield code="c">2016</marc:subfield>
   </marc:datafield>
   <marc:datafield ind1="1" ind2=" " tag="490">
      <marc:subfield code="a">Fischer</marc:subfield>
      <marc:subfield code="v">03666</marc:subfield>
   </marc:datafield>
   <marc:datafield ind1=" " ind2=" " tag="250">
      <marc:subfield code="a">1. Auflage</marc:subfield>
   </marc:datafield>
   <marc:datafield ind1="1" ind2=" " tag="520">
      <marc:subfield code="a">Angaben aus der Verlagsmeldung

Blutroter Tod : Der erste Fall für Reiko Himekawa Honda, Blutroter Tod / von Tetsuya Honda

Reiko Himekawa:Sie ist cool - Sie ist tough - Sie ist sehr clever - Sie ist die beste Ermittlerin der Mordkommission Tokio!
Jetzt endlich auch in Deutschland: Der sensationelle Millionen-Bestseller-Erfolg aus Japan von Tetsuya Honda und der Start einer neuen Serie!

Sie hat das, was die anderen nicht haben: Mut, Durchsetzungskraft und vor allem Intuition. Deshalb hat sie nicht nur Freunde im Team. Weil sie aber die beste Ermittlerin in Tokio ist, wird ihr Team auf diesen Fall angesetzt: Ein Toter, in dessen Körper unzählige Glassplitter stecken. Der Mann muss in einer wahren Orgie aus Blut ums Leben gekommen sein. Weitere Leichen folgen. Alle auf ähnliche Weise getötet. Da stoßen Reiko und ihr Team auf eine ominöse Website im Internet, über die in dunklen Foren nur geflüstert wird. Dort soll die Welt in einem leuchtenden Rot erstrahlen – blutrot.
</marc:subfield>
   </marc:datafield>
   <marc:datafield ind1=" " ind2=" " tag="020">
      <marc:subfield code="a">9783596036660</marc:subfield>
      <marc:subfield code="9">9783596036660</marc:subfield>
   </marc:datafield>
   <marc:datafield ind1=" " ind2=" " tag="020">
      <marc:subfield code="a">3596036666</marc:subfield>
      <marc:subfield code="9">3596036666</marc:subfield>
   </marc:datafield>
   <marc:datafield ind1=" " ind2=" " tag="041">
      <marc:subfield code="a">ger</marc:subfield>
   </marc:datafield>
   <marc:datafield ind1=" " ind2=" " tag="300">
      <marc:subfield code="a">412 Seiten</marc:subfield>
   </marc:datafield>
</marc:record>
